000
00245nam a22001097a 4500
082
_a
823
_b
DIS/R
100
_a
DISNEY
245
_a
THE RESCUERS DOWN UNDER
260
_a
UNITED STATES
_b
DISNEY
650
_a
ENGLISH STORY
_z
UNITED STATES
942
_c
BK
999
_c
7528
_d
7528